Dlhová kríza a jej vplyv na podnikanie v cestovnom ruchu

Cestovný ruch, vďaka aktivitám podnikateľských subjektov, dlhodobo vykazuje aktívne saldo v platobnej bilancii bežného účtu Slovenskej republiky a do istej miery vytvára priestor na riešenie ťaživých problémov prebiehajúcej hospodárskej krízy.

Guardado en:
Detalles Bibliográficos
Autor principal: Eliašová, Darina
Formato: Capítulo de libro
Lenguaje:eslovaco
Materias:
Etiquetas: Agregar Etiqueta
Sin Etiquetas, Sea el primero en etiquetar este registro!

MARC

LEADER 00000nla a2200000 4500
001 0167214
005 20240605120230.4
041 0 |a slo 
044 |a SK 
245 1 0 |a Dlhová kríza a jej vplyv na podnikanie v cestovnom ruchu  |c Darina Eliašová 
520 |a Cestovný ruch, vďaka aktivitám podnikateľských subjektov, dlhodobo vykazuje aktívne saldo v platobnej bilancii bežného účtu Slovenskej republiky a do istej miery vytvára priestor na riešenie ťaživých problémov prebiehajúcej hospodárskej krízy. 
610 2 0 |a ruch cestovný 
610 2 0 |a politika ruchu cestovného 
610 2 0 |a strediská ruchu cestovného 
610 2 0 |a služby doplnkové 
610 2 0 |a kríza hospodárska 
100 1 |a Eliašová, Darina